000 00299nam a22001217a 4500
008 170502b xxu||||| |||| 00| 0 eng d
041 _aeng
080 _25 ED
_a342
100 _a13
101 _aSHJ
245 _aLIABILITY OF CORPORATE OFFFICERS AND DIRECTORS
_cKNEPPER.W.E
942 _2udc
_cBK
999 _c12347
_d12347